Normal view MARC view

Entry Personal Name

Number of records used in: 1

001 - CONTROL NUMBER

  • control field: 27973

003 - CONTROL NUMBER IDENTIFIER

  • control field: AUA.1

005 - DATE AND TIME OF LATEST TRANSACTION

  • control field: 20121025160303.0

008 - FIXED-LENGTH DATA ELEMENTS

  • fixed length control field: 121025|||a|||||| | ||| d

040 ## - CATALOGING SOURCE

  • Original cataloging agency: AUA.1
  • Transcribing agency: AUA.1

100 ## - HEADING--PERSONAL NAME

  • Personal name: Onyango Joseph Okoth

670 ## - SOURCE DATA FOUND

  • Source citation: Work cat.: (AUA.1): Onyango Joseph Okoth, Factors Affecting the Workfoce Retention in East Africa Union Mission of Seventh-Day Adventist Church: A Focus on Administrative, Patoral and Accounting Employees